<?xml version="1.0" encoding="UTF-8"?>
<collection xmlns="http://www.loc.gov/MARC21/slim">
  <record>
    <leader>00000nam  2200000   4500</leader>
    <controlfield tag="001">INLIS000000000018488</controlfield>
    <controlfield tag="005">20241119111950</controlfield>
    <datafield tag="035" ind1="#" ind2="#">
      <subfield code="a">0010-1124000154</subfield>
    </datafield>
    <controlfield tag="007">ta</controlfield>
    <controlfield tag="008">241119################g##########0#ind##</controlfield>
    <datafield tag="020" ind1="#" ind2="#">
      <subfield code="a">979-655-920-X</subfield>
    </datafield>
    <datafield tag="082" ind1="#" ind2="#">
      <subfield code="a">615.82</subfield>
    </datafield>
    <datafield tag="084" ind1="#" ind2="#">
      <subfield code="a">615.82 WIJ s</subfield>
    </datafield>
    <datafield tag="100" ind1=" " ind2="#">
      <subfield code="a">Wijayakusuma, Hembing</subfield>
    </datafield>
    <datafield tag="245" ind1="1" ind2="#">
      <subfield code="a">10 Menit Menuju Sehat Dengan Terapi Refleksi Telapak Tangan /</subfield>
      <subfield code="c">Hembing Wijayakusuma</subfield>
    </datafield>
    <datafield tag="260" ind1="#" ind2="#">
      <subfield code="a">Jakarta :</subfield>
      <subfield code="b">Gramedia Pustaka Utama,</subfield>
      <subfield code="c">2002</subfield>
    </datafield>
    <datafield tag="300" ind1="#" ind2="#">
      <subfield code="a">vii, 201 hlm. :</subfield>
      <subfield code="b">ill. ;</subfield>
      <subfield code="c">21 cm</subfield>
    </datafield>
    <datafield tag="650" ind1="#" ind2="4">
      <subfield code="a">Terapi Refleksi</subfield>
    </datafield>
    <datafield tag="520" ind1="#" ind2="#">
      <subfield code="a">Buku ini menguraikan beberapa penyakit disertai penyembuhannya dengan cara terapi refleksi telapak tangan. Petunjuk area-area refleksi bagi masing-masing penyakit juga disajikan sehingga anda dapat dengan mudah menerapkan terapi yang sangat sederhana ini tanpa harus meminta bantuan orang lain. Selain itu, buku ini juga di lengkapi dengan resep-resep alamiah yang menggunakan tanaman obat. Bahan-bahannya mudah didapat dan resepnya mudah dibuat secara bersamaan dengan terapi refleksi telapak tangan ini sehingga hasilnya akan lebih efektif.</subfield>
    </datafield>
    <datafield tag="990" ind1="#" ind2="#">
      <subfield code="a">04129047</subfield>
    </datafield>
    <datafield tag="990" ind1="#" ind2="#">
      <subfield code="a">04129046</subfield>
    </datafield>
  </record>
</collection>
